Statistiques concernant Les plus grands pays de Formule 1

Cliquez ici pour prendre le quiz!

Statistiques générales

  • Ce quiz a été pris 1 193 fois
  • Le résultat moyen est 11 sur 14

Statistiques - réponses

Nombre de titres pilotesPays% Correct
4France
99%
16Royaume-Uni
99%
12Allemagne
98%
2Espagne
95%
3Italie
95%
8Brésil
94%
5Argentine
85%
4Finlande
82%
4Australie
78%
4Autriche
77%
1Canada
77%
2Etats-Unis
67%
1Afrique du Sud
52%
1Nouvelle-Zélande
51%

Distribution des résultats

Percentile par nombre de réponses

% des personnes avec chaque résultat

Votre développement - résultats

Vous n’avez pas pris ce quiz